00646nam a2200217Ia 4500008004100000020001600041050000700057050001000064245005100074245003300125260001600158260003700174300001500211300001700226300001100243440001100254650002300265650001100288999001900299952011000318170203s9999 xx 000 0 und d a0-706992456 a30 b.H847 aHow? What? Why? My book of general knowledge / cillustrated by Girija Singh. aNew Delhi : bVikas Publishing House Pvt Ltd,  a56 pages : bcol. ill. ;  c24 cm. vvol. 5 aIntellegence test. xTrivia c305539d305539 001040aSSISBbSSISBcHS NON-FICd2017-02-03l0o030 .H847pLS-2582r2017-02-03 00:00:00w2017-02-03yBK